Lý trong dân ca người Việt
Trình bày cách đặt tên của Lý, thuộc tính, dị bản, thang âm và điệu thức; Các làn điệu Lý; Những bài dân ca có nguồn gốc Lý của người Việt.
Đã lưu trong:
| Tác giả chính: | |
|---|---|
| Định dạng: | Sách |
| Năm xuất bản: |
Tp. HCM
Nxb Trẻ
2006
|
| Chủ đề: | |
| Tags: |
Thêm thẻ
Không có thẻ, Hãy là người đầu tiên gắn thẻ bản ghi này!
|
| LEADER | 01220nam a2200205 4500 | ||
|---|---|---|---|
| 082 | |a 781.62009597 |b L550NH | ||
| 100 | |a Lư Nhất Vũ | ||
| 245 | |a Lý trong dân ca người Việt |c Lư Nhất Vũ, Lê Giang, Lê Anh Trung | ||
| 260 | |a Tp. HCM |b Nxb Trẻ |c 2006 | ||
| 300 | |a 730 tr. |c 24 cm | ||
| 520 | |a Trình bày cách đặt tên của Lý, thuộc tính, dị bản, thang âm và điệu thức; Các làn điệu Lý; Những bài dân ca có nguồn gốc Lý của người Việt. | ||
| 653 | |a Âm nhạc | ||
| 653 | |a Âm nhạc dân gian | ||
| 653 | |a Dân ca | ||
| 653 | |a Việt Nam | ||
| 942 | |2 ddc |c STK0 | ||
| 999 | |c 2031 |d 2031 | ||
| 952 | |0 0 |1 0 |2 ddc |4 0 |6 781_620095970000000_L550NH |7 1 |8 700 |9 29949 |a qbu |b qbu |c D5 |d 2014-12-12 |g 155000 |o 781.62009597 L550NH |p 5082.c1 |r 0000-00-00 |w 2014-12-12 |y STK0 |0 0 |6 781_620095970000000_L550NH | ||
| 952 | |0 0 |1 0 |2 ddc |4 0 |6 781_620095970000000_L550NH |7 0 |8 700 |9 29950 |a qbu |b qbu |c D5 |d 2014-12-12 |g 155000 |o 781.62009597 L550NH |p 5082.c2 |r 0000-00-00 |w 2014-12-12 |y STK0 |0 0 |6 781_620095970000000_L550NH | ||
| 952 | |0 0 |1 0 |2 ddc |4 0 |6 781_620095970000000_L550NH |7 0 |8 700 |9 29951 |a qbu |b qbu |c D5 |d 2014-12-12 |g 155000 |o 781.62009597 L550NH |p 5082.c3 |r 0000-00-00 |w 2014-12-12 |y STK0 |0 0 |6 781_620095970000000_L550NH | ||